000 01447nac a22003611i 4500
003 EG-ScBUE
005 20240805123052.0
008 240805s2001 enkb f b 001 0 eng d
020 _a9780761950172
020 _a0761950176 (pbk.)
035 _a(OCoLC)ocm45867246
040 _aEG-ScBUE
_beng
_erda
_cEG-ScBUE
_dEG-ScBUE
043 _af-sa---
082 0 4 _a968.06
_bGLA
_222
100 1 _aGlaser, Daryl,
_eauthor.
245 1 0 _aPolitics and society in South Africa :
_ba critical introduction /
_cDaryl Glaser.
264 1 _aLondon :
_bSage Publication Ltd,
_c2001.
300 _axviii, 278 pages :
_bmaps ;
_c24 cm
336 _2rdacontent
_atext
_btxt
337 _aunmediated
_2rdamedia
_bn
338 _avolume
_bnc
_2rdacarrier
504 _aIncludes bibliographical references and index.
650 7 _aPolitical science
_zSouth Africa
_xHistory.
_2BUEsh
651 7 _aSouth Africa
_xPolitics and government.
_2BUEsh
651 7 _aSouth Africa
_xEconomic conditions.
_2BUEsh
651 7 _aSouth Africa
_xSocial conditions.
_2BUEsh
651 7 _aSouth Africa
_xRace relations
_xHistory.
_2BUEsh
655 _vReading book
856 4 2 _3Book review (H-Net)
_uhttp://www.h-net.org/review/hrev-a0c8a7-aa
856 4 2 _3Publisher description
_uhttp://www.loc.gov/catdir/enhancements/fy0656/2001266408-d.html
856 4 2 _3Table of contents only
_uhttp://www.loc.gov/catdir/enhancements/fy0656/2001266408-t.html
942 _cBB
_2ddc
999 _c8794
_d8794